| 000 | 00843nas a2200277 4500 | ||
|---|---|---|---|
| 001 | BR0905230 | ||
| 003 | BR-BrBNA | ||
| 005 | 20231205113635.0 | ||
| 007 | ta | ||
| 008 | 230509b bl.|||p| |||| 00| 00por d | ||
| 040 |
_aBR-BrBNA _bpor _cBiblioteca Nacional de Agricultura |
||
| 041 | _a(Pt) | ||
| 072 | _aL73 | ||
| 100 | 1 | _aNascimento, E.M. | |
| 100 | 1 | _aFurlong, J. | |
| 100 | 1 | _aPimenta, D.S. | |
| 100 | 1 | _aPrata, M.C. de A. | |
| 245 | 1 | _aEfeito anti-helmíntico do hidrolato de Mentha villosa Huds. (Lamiaceae)em nematóides gastrintestinais de bovinos | |
| 650 | _aPLANTA MEDICINAL | ||
| 650 | _aBOVINO | ||
| 650 | _aMENTA | ||
| 650 | _aNEMATÓIDE | ||
| 773 | 0 |
_tCiência Rural (Brazil) _xISSN 0103-8478 _g(May-Jun 2009), v. 39(3) p. 817-824 _wBR0905230 |
|
| 909 |
_a202311 _bLúcia _c55 _dLúcia Elande |
||
| 942 |
_2AGRIS _n0 _cANA |
||
| 999 |
_c204834 _d204834 |
||